| 000 | 00692nam a2200241Ia 4500 | ||
|---|---|---|---|
| 005 | 20220317000711.0 | ||
| 008 | 160601s2000 ag a g 000 0 spa | ||
| 020 | _a9501114201 | ||
| 082 | 0 | 4 |
_a513.211 _bV27n |
| 100 | 1 | _aVera, Paula | |
| 245 | 1 | 4 |
_aLos números _cPaula Vera |
| 250 | _a1a. edición | ||
| 300 |
_a10 páginas _bilustraciones en color _c16 cm |
||
| 490 | _aCaricias | ||
| 650 | 1 | 4 |
_2LEMB _aNúmeros |
| 650 | 1 | 4 |
_2LEMB _aLibros de texturas |
| 942 |
_2ddc _cBK |
||
| 264 |
_aBuenos Aires _bSigmar _c2000 |
||
| 336 |
_atexto _btxt _2rdacontent |
||
| 337 |
_asin mediación _bn _2rdamedia |
||
| 338 |
_avolumen _bnc _2rdacarrier |
||
| 040 |
_aCO-BoRNBP _bspa _erda _cCO-BoRNBP |
||
| 999 |
_c4811 _d4811 |
||